Sports Quiz

Random Sports or Soccer Quiz
Score 0/15 Timer 07:00
1 Play Today
Date Joueur % Correct
08/12/2015Cristiano Ronaldo
94.1%
06/04/2010Lionel Messi
93.7%
02/12/2020Olivier Giroud
92.2%
23/10/2013Zlatan Ibrahimovic
81%
24/04/2013Robert Lewandowski
80.3%
26/11/2019Robert Lewandowski
80.3%
01/10/2019Serge Gnabry
54%
14/03/2000Simone Inzaghi
53.2%
Date Joueur % Correct
07/12/2011Bafétimbi Gomis
46.7%
05/11/2003Dado Prso
41.7%
10/03/2020Josip Ilicic
39.2%
13/03/2012Mario Gomez
39.1%
25/11/1992Marco van Basten
37.1%
03/11/2004Ruud van Nistelrooy
35%
23/11/2005Andriy Shevchenko
34.2%
Remove Ads.
Support Sporcle.
Get the best of Sporcle when you Go Orange. This ad-free experience offers more features, more stats, and more fun while also helping to support Sporcle. Thank you for becoming a member.

You're not logged in!

Compare scores with friends on all Sporcle quizzes.
OR
Log In

Show Comments

Extras

Top Quizzes Today


Score Distribution

Your Account Isn't Verified!

In order to create a playlist on Sporcle, you need to verify the email address you used during registration. Go to your Sporcle Settings to finish the process.

Report this User

Report this user for behavior that violates our Community Guidelines.

Details: